Cavour (Record no. 117582)

MARC details
000 -LEADER
campo de control de longitud fija 00632nam a2200205 4500
001 - NÚMERO DE CONTROL
campo de control 117582
003 - IDENTIFICADOR DE NÚMERO DE CONTROL
campo de control ES-MaACL
005 - FECHA Y HORA DE LA ÚLTIMA TRANSACCIÓN
campo de control 20230906190932.0
007 - CAMPO FIJO DE DESCRIPCIÓN FÍSICA--INFORMACIÓN GENERAL
campo de control de longitud fija t|
008 - DATOS DE LONGITUD FIJA--INFORMACIÓN GENERAL
campo de control de longitud fija 070214s1945 sp r ||||1| spa d
100 1# - ENTRADA PRINCIPAL--NOMBRE DE PERSONA
Nombre de persona Panzini, Alfredo.
9 (RLIN) 88834
245 10 - MENCIÓN DEL TÍTULO
Título Cavour
Resto del título : el artífice de la unidad de Italia /
Mención de responsabilidad, etc. Alfredo Panzini ; versión española y prólogo de Pedro Fraga de Porto.
260 ## - PUBLICACIÓN, DISTRIBUCIÓN, ETC.
Lugar de publicación, distribución, etc. Madrid :
Nombre del editor, distribuidor, etc. Morata,
Fecha de publicación, distribución, etc. 1945.
300 ## - DESCRIPCIÓN FÍSICA
Extensión 364 p., 4 lám. ;
Dimensiones 24 cm.
490 1# - MENCIÓN DE SERIE
Mención de serie Azov
700 1# - ENTRADA AGREGADA--NOMBRE PERSONAL
Nombre de persona Fraga de Porto, Pedro.
9 (RLIN) 52071
830 0# - PUNTO DE ACCESO ADICIONAL DE SERIE-TÍTULO UNIFORME
Título uniforme Azov
9 (RLIN) 233361
852 ## - LOCALIZACIÓN
Ubicación ES-MaACL
Número de control de estantería B-10006
Sublocalización o colección R.21365
Holdings
Estatus retirado Estado de pérdida Estado de daño No para préstamo Biblioteca de origen Biblioteca actual Ubicación en estantería Fecha de adquisición Fuente de adquisición Total de préstamos Signatura topográfica completa Código de barras Visto por última vez Precio de reemplazo Tipo de ítem Koha
        Biblioteca del Ateneo de Madrid Biblioteca del Ateneo de Madrid Sala Pardo Bazán 17/01/2008     B-10006 1122587 23/02/2023 23/02/2023 Libro impreso